| 000 | 01200nam0a22002651 4500 | ||
|---|---|---|---|
| 001 | rc\341032 | ||
| 005 | 20260407145804.0 | ||
| 035 | _a(NLR Aleph) 005583024 | ||
| 090 |
_a6132403 _c6132402 |
||
| 100 | _a20030307d1989 |||y0rusy50 ca | ||
| 101 | 0 | _arus | |
| 102 | _aRU | ||
| 105 | _aa ||||||||| | ||
| 200 | 1 |
_aПУТИ рационального использования гравийных материалов Киргизии в дорожном строительстве _f[Абеков Т.У.] |
|
| 210 |
_aФрунзе _cКиргизНИИНТИ _d1989 |
||
| 215 |
_a[1], 41 с. _cил. _d20 |
||
| 225 | 1 |
_aОбзорная информация _fКирг. НИИ НТИ и техн.-экон. исслед. Госплана КиргССР |
|
| 320 | _aБиблиогр.: с. 40 | ||
| 701 | 1 |
_aАбеков _bТ.У. _gТолкунбай Уракулович |
|
| 712 | 0 | 2 |
_aКиргизский НИИ научно-технической информации и технико-экономических исследований _cФрунзе _3RU\NLR\AUTH\8810023902 _9545852 |
| 801 | 0 |
_aRU _bNLR _gpsbo |
|
| 801 | 1 |
_aRU _bELAR _2rusmarc |
|
| 852 |
_aNLR _j89-4/15992 |
||
| 942 | _cBOOK | ||
| 980 | _aNB | ||